[Event "Elit(Eksjo-Rockaden,Sthlm)"]
[Site "?"]
[Date "2023.10.14"]
[Round "2"]
[White "Rajcevski, Dejan"]
[Black "Bator, Robert"]
[Result "0-1"]
[WhiteElo "2105"]
[BlackElo "2342"]
[PlyCount "144"]
[EventDate "2021.02.07"]
[SourceVersionDate "2023.10.28"]

1. d4 d5 2. Bf4 e6 3. e3 Bd6 4. Nf3 Bxf4 5. exf4 Qd6 6. Qd2 Nf6 7. c3 b6 8. a4
a5 9. Na3 O-O 10. Bd3 Ba6 11. Nb5 Qe7 12. O-O Ne4 13. Qe3 c6 14. Na3 Bxd3 15.
Qxd3 Nd6 16. Rfe1 Qf6 17. g3 Ra7 18. Ne5 Rc8 19. Nc2 c5 20. dxc5 bxc5 21. Na3
Rb7 22. c4 Na6 23. b3 Nb4 24. Qe2 Nf5 25. Nb5 g6 26. Rad1 h5 27. h4 Rd8 28. Rd2
Rb6 29. Red1 Ne7 30. Nd3 Nxd3 31. Rxd3 d4 32. Qe5 Qxe5 33. fxe5 Nc6 34. f4 Kg7
35. Nd6 Nb4 36. R3d2 Na6 37. Rd3 Nb4 38. R3d2 Kf8 39. Re2 Ke7 40. Nb5 Rd7 41.
Kg2 Nc6 42. Kf3 Rb8 43. Ke4 f6 44. exf6+ Kxf6 45. Kd3 Re8 46. Rde1 e5 47. Kd2
Kf5 48. fxe5 Rxe5 49. Rf2+ Ke6 50. Ref1 Rf5 51. Re2+ Ne5 52. Ref2 Rdf7 53. Rf4
Rxf4 54. gxf4 Ng4 55. Re1+ Ne3 56. Rg1 Ng4 57. Re1+ Kd7 58. Rf1 Rf6 59. Kd3 Ne3
60. Rg1 Nf5 61. Rg5 Re6 62. Kd2 Kc6 63. Na7+ Kb6 64. Nb5 Nxh4 65. Rd5 Nf3+ 66.
Kd1 h4 67. Rd6+ Rxd6 68. Nxd6 h3 69. Ne4 h2 70. Ng3 d3 71. Kc1 Kc6 72. Kb2 Nd4
0-1

[Event "Elit(Stockholms SS-Vaxjo)"]
[Site "?"]
[Date "2023.10.14"]
[Round "2"]
[White "Sumets, Andrey"]
[Black "Hauge, Lars Oskar"]
[Result "1-0"]
[WhiteElo "2521"]
[BlackElo "2509"]
[PlyCount "65"]
[EventDate "2021.02.07"]
[SourceVersionDate "2023.10.24"]

1. d4 d5 2. c4 e6 3. Nf3 Nf6 4. g3 dxc4 5. Bg2 c6 6. O-O b5 7. Ne5 Bb7 8. a4 a6
9. Nc3 Qb6 10. b3 cxb3 11. Qxb3 Nbd7 12. Nxd7 Nxd7 13. Be3 Rb8 14. Rfc1 c5 15.
Bxb7 Qxb7 16. axb5 axb5 17. Bf4 c4 18. Qb1 e5 19. dxe5 g5 20. Bxg5 Bg7 21. Ra5
O-O 22. Be7 b4 23. Rb5 Qc6 24. Qxb4 Rfe8 25. Rxb8 Rxb8 26. Qd6 Qc8 27. f4 Rb6
28. Qd4 Qb7 29. Ne4 Rb1 30. Rxb1 Qxb1+ 31. Kf2 h6 32. Nd2 Qh1 33. Nf3 1-0

[Event "Elit(Orgryte-Limhamn)"]
[Site "?"]
[Date "2023.10.14"]
[Round "2"]
[White "Domingo Nunez, Ruben"]
[Black "Olsson, William"]
[Result "1-0"]
[WhiteElo "2417"]
[BlackElo "2376"]
[PlyCount "77"]
[EventDate "2021.02.07"]
[SourceVersionDate "2023.10.28"]

1. e4 c5 2. Nf3 d6 3. d4 cxd4 4. Nxd4 Nf6 5. Nc3 g6 6. Be3 Bg7 7. f3 O-O 8. Qd2
Nc6 9. Bc4 Bd7 10. Bb3 Ne5 11. O-O-O Rc8 12. Kb1 Nc4 13. Bxc4 Rxc4 14. g4 b5
15. h4 b4 16. Nd5 Nxd5 17. exd5 e5 18. dxe6 fxe6 19. h5 d5 20. hxg6 hxg6 21. b3
Rc3 22. Bh6 Qf6 23. Bxg7 Qxg7 24. Rh6 Qf6 25. g5 Qg7 26. Rdh1 a5 27. Rh8+ Qxh8
28. Rxh8+ Kxh8 29. Qh2+ Kg8 30. Qh6 Rf7 31. Qxg6+ Rg7 32. Qf6 Rf7 33. Qe5 Rc8
34. g6 Rg7 35. Nxe6 Re7 36. Qd6 Rce8 37. Nc7 Re1+ 38. Kb2 R8e7 39. Nxd5 1-0

[Event "Elit(Stockholms SS-Vaxjo)"]
[Site "?"]
[Date "2023.10.14"]
[Round "2"]
[White "Lokander, Martin"]
[Black "Hillarp, Tiger"]
[Result "1/2-1/2"]
[WhiteElo "2462"]
[BlackElo "2497"]
[PlyCount "107"]
[EventDate "2021.02.07"]
[SourceVersionDate "2023.10.24"]

1. d4 Nf6 2. c4 g6 3. Nc3 Bg7 4. e4 d6 5. Nf3 O-O 6. Be2 e5 7. O-O Na6 8. dxe5
dxe5 9. Qc2 Nh5 10. Rd1 Qe8 11. c5 Nxc5 12. Nd5 Ne6 13. Nxc7 Nxc7 14. Qxc7 Nf4
15. Bxf4 exf4 16. Qxf4 Bxb2 17. Rab1 Bg7 18. Bc4 Be6 19. Bd5 Rd8 20. Rxb7 Bxd5
21. exd5 Qc6 22. Rxa7 Rxd5 23. Rxd5 Qxd5 24. h3 Re8 25. a4 Bf8 26. Qd2 Qb3 27.
Qd4 Qc2 28. Rd7 Bc5 29. Qf4 Qxf2+ 30. Kh2 Rf8 31. a5 Qf1 32. Qe5 Bf2 33. Rd2
Ba7 34. Rb2 Qa1 35. g3 Rc8 36. Kg2 Qa4 37. Re2 Qc6 38. h4 h5 39. Qe4 Qxe4 40.
Rxe4 Rc2+ 41. Kh3 Ra2 42. Re8+ Kg7 43. Re7 Rxa5 44. Ng5 Rxg5 45. hxg5 Bb6 46.
Re8 Ba5 47. Kg2 Bd2 48. Re5 Bxg5 49. Rxg5 f5 50. Kf3 Kf7 51. Ke3 Kg7 52. Kf3
Kf7 53. Ke3 Kg7 54. Kf3 1/2-1/2

[Event "Elit(Orgryte-Limhamn)"]
[Site "?"]
[Date "2023.10.14"]
[Round "2"]
[White "Frisk Kockum, Anton"]
[Black "Johansson, Linus"]
[Result "0-1"]
[WhiteElo "2324"]
[BlackElo "2429"]
[PlyCount "96"]
[EventDate "2021.02.07"]
[SourceVersionDate "2023.10.28"]

1. d4 Nf6 2. c4 e6 3. Nf3 d5 4. Nc3 Bb4 5. Bg5 h6 6. Bxf6 Qxf6 7. Qa4+ Nc6 8.
e3 O-O 9. cxd5 exd5 10. Be2 Rd8 11. O-O Bf8 12. Rac1 Ne7 13. Ne5 c6 14. f4 Nf5
15. Nd1 Nd6 16. Nf2 Bf5 17. g4 Be4 18. Qd1 Qe7 19. Nxe4 Nxe4 20. Bd3 c5 21.
Bxe4 dxe4 22. Rxc5 Qxc5 23. dxc5 Rxd1 24. Rxd1 Bxc5 25. Kf2 Rc8 26. Rd7 Bb6 27.
Rxb7 Rc2+ 28. Kg3 Bxe3 29. Rb8+ Kh7 30. Nxf7 g5 31. fxg5 hxg5 32. Nxg5+ Bxg5
33. h4 Be3 34. Rb7+ Kg8 35. Re7 Bf2+ 36. Kf4 e3 37. Kf3 Bxh4 38. Rxe3 Rxb2 39.
Ra3 Bf2 40. Ke4 Bb6 41. Kf5 Kg7 42. Ra4 Rb5+ 43. Ke6 Kg6 44. Rc4 Rb2 45. Ra4
Rd2 46. Ra6 Kg5 47. a4 Kxg4 48. a5 Ra2 0-1

[Event "Elit(Stockholms SS-Vaxjo)"]
[Site "?"]
[Date "2023.10.14"]
[Round "2"]
[White "Lindberg, Bengt"]
[Black "Thorn, Eric"]
[Result "1/2-1/2"]
[WhiteElo "2351"]
[BlackElo "2390"]
[PlyCount "90"]
[EventDate "2021.02.07"]
[SourceVersionDate "2023.10.24"]

1. e4 e5 2. Nf3 Nc6 3. Bb5 a6 4. Ba4 Bc5 5. c3 Nge7 6. O-O Ng6 7. d4 Ba7 8. d5
Nce7 9. c4 O-O 10. d6 cxd6 11. Nc3 Qc7 12. Qd3 d5 13. Nxd5 Nxd5 14. cxd5 d6 15.
Be3 Bxe3 16. fxe3 Qa5 17. Bb3 Bd7 18. Nd2 Rac8 19. a3 Rc7 20. Rfc1 Rfc8 21.
Rxc7 Qxc7 22. Bc4 h5 23. b4 Ba4 24. g3 b5 25. Bb3 Bxb3 26. Qxb3 Qc2 27. Qxc2
Rxc2 28. Nb3 Rc3 29. Nd2 Rxe3 30. Kf2 Rd3 31. Ke2 Rc3 32. a4 h4 33. axb5 axb5
34. Ra8+ Kh7 35. Nf3 f6 36. Rd8 Rc4 37. Ke3 Rc3+ 38. Ke2 Rc4 39. Ke3 hxg3 40.
hxg3 Rxb4 41. Rxd6 Rb3+ 42. Ke2 Rb4 43. Ke3 Rb3+ 44. Ke2 Rb4 45. Ke3 Rb3+
1/2-1/2

[Event "Elit(Orgryte-Limhamn)"]
[Site "?"]
[Date "2023.10.14"]
[Round "2"]
[White "Garriga Cazorla, Pere"]
[Black "Torngren, Gustav"]
[Result "1-0"]
[WhiteElo "2448"]
[BlackElo "2306"]
[PlyCount "43"]
[EventDate "2021.02.07"]
[SourceVersionDate "2023.10.28"]

1. d4 g6 2. e4 d6 3. Nc3 c6 4. Be3 Bg7 5. Qd2 b5 6. Bd3 Nd7 7. Nf3 Bb7 8. O-O
Qc7 9. Rfe1 a6 10. a4 Ngf6 11. Bh6 Bxh6 12. Qxh6 b4 13. e5 bxc3 14. exf6 Nxf6
15. Qg7 O-O-O 16. Qxf7 cxb2 17. Rab1 Rhf8 18. Qe6+ Rd7 19. Rxb2 Kd8 20. Reb1
Bc8 21. Ng5 Qa5 22. Qe3 1-0

[Event "Elit(Stockholms SS-Vaxjo)"]
[Site "?"]
[Date "2023.10.14"]
[Round "2"]
[White "Olund, Joar"]
[Black "Arman, Deniz"]
[Result "1/2-1/2"]
[WhiteElo "2386"]
[BlackElo "2287"]
[PlyCount "115"]
[EventDate "2021.02.07"]
[SourceVersionDate "2023.10.24"]

1. d4 Nf6 2. Bg5 d5 3. e3 c6 4. c3 Bf5 5. Bxf6 gxf6 6. Bd3 Bxd3 7. Qxd3 Qb6 8.
b3 e6 9. Nd2 f5 10. c4 Qa6 11. h3 Rg8 12. g4 fxg4 13. hxg4 Rxg4 14. Ngf3 Nd7
15. Qxh7 Nf6 16. Qh8 Rg7 17. Rg1 Rxg1+ 18. Nxg1 Ne4 19. Nxe4 dxe4 20. Qe5 O-O-O
21. Ne2 Ba3 22. Qxe4 Bb2 23. Rd1 Qxa2 24. Qc2 Rh8 25. Ng3 Qa5+ 26. Ke2 Bc3 27.
d5 cxd5 28. cxd5 Kb8 29. Ne4 Be5 30. Nc5 Bd6 31. Ne4 Rc8 32. Qd3 Bb4 33. Kf3
Rd8 34. Qd4 exd5 35. Nf6 Bc3 36. Qf4+ Ka8 37. Qf5 Bxf6 38. Qxf6 Qc7 39. Rh1 a6
40. Rh8 Rxh8 41. Qxh8+ Qb8 42. Qh5 Qe8 43. Qxd5 Kb8 44. Kf4 Kc7 45. e4 Qe6 46.
Qxe6 fxe6 47. Ke5 Kd7 48. f4 a5 49. Kd4 Kc6 50. f5 exf5 51. exf5 b5 52. f6 Kd6
53. f7 Ke7 54. f8=N Kxf8 55. Kc5 a4 56. bxa4 bxa4 57. Kb4 Ke8 58. Kxa4 1/2-1/2

[Event "Elit(Orgryte-Limhamn)"]
[Site "?"]
[Date "2023.10.14"]
[Round "2"]
[White "Arnelind, Mikael"]
[Black "Schneider, Stefan"]
[Result "0-1"]
[WhiteElo "2210"]
[BlackElo "2378"]
[PlyCount "82"]
[EventDate "2021.02.07"]
[SourceVersionDate "2023.10.28"]

1. d4 Nf6 2. c4 e6 3. Nc3 Bb4 4. e3 O-O 5. Bd3 c5 6. Nf3 Nc6 7. O-O Bxc3 8.
bxc3 d6 9. e4 e5 10. d5 Ne7 11. Nh4 Ng6 12. Nf5 Nf4 13. Bc2 g6 14. Ne3 N4h5 15.
Rb1 b6 16. f3 Ne8 17. g3 Bh3 18. Rf2 Neg7 19. Ng2 Qe7 20. a4 Rae8 21. Bh6 f5
22. Qd2 f4 23. g4 Nf6 24. Bg5 h5 25. gxh5 Ngxh5 26. Nh4 Qg7 27. Kh1 Nh7 28. Rg1
Kf7 29. Qe1 Rg8 30. Rd2 Nxg5 31. Rxg5 Qf6 32. Rg1 Rg7 33. Bd3 Rh8 34. Bf1 Bd7
35. Ra2 g5 36. Nf5 Bxf5 37. exf5 Ng3+ 38. Kg2 Nxf5 39. h3 Ne3+ 40. Kf2 Qf5 41.
Re2 Nxf1 0-1

[Event "Elit(Stockholms SS-Vaxjo)"]
[Site "?"]
[Date "2023.10.14"]
[Round "2"]
[White "Olofsson-Dolk, Mattis"]
[Black "Ertan, Can"]
[Result "0-1"]
[WhiteElo "2216"]
[BlackElo "2353"]
[PlyCount "42"]
[EventDate "2021.02.07"]
[SourceVersionDate "2023.10.24"]

1. e4 e5 2. Nf3 Nc6 3. Bb5 a6 4. Ba4 Nf6 5. O-O Be7 6. d3 d6 7. c3 b5 8. Bb3
O-O 9. a4 b4 10. a5 Rb8 11. Nbd2 bxc3 12. bxc3 d5 13. Ba4 Nxa5 14. Nxe5 Bb7 15.
exd5 Nxd5 16. c4 Nc3 17. Qc2 Ne2+ 18. Kh1 Bf6 19. Ndf3 Nd4 20. Qd2 Nab3 21. Qf4
Nxf3 0-1

[Event "Elit(Orgryte-Limhamn)"]
[Site "?"]
[Date "2023.10.14"]
[Round "2"]
[White "Brynell, Stellan"]
[Black "Kumar, Rahul"]
[Result "1/2-1/2"]
[WhiteElo "2401"]
[BlackElo "2215"]
[PlyCount "108"]
[EventDate "2021.02.07"]
[SourceVersionDate "2023.10.28"]

1. d4 d6 2. Nf3 g6 3. e4 Bg7 4. Bc4 c6 5. O-O Nf6 6. e5 Nd5 7. Re1 h6 8. Nbd2
O-O 9. exd6 exd6 10. c3 Nd7 11. Nf1 N7f6 12. Bd3 Re8 13. Rxe8+ Qxe8 14. Ng3 Be6
15. h3 Qe7 16. Bd2 Re8 17. c4 Nb6 18. b3 Nh7 19. Qc1 Qf8 20. Qa3 Nc8 21. Rd1
Qe7 22. Qc1 Qf8 23. Qc2 Nf6 24. Bf4 Bd7 25. Qd2 Kh7 26. Qb4 b6 27. Qd2 Qe7 28.
d5 cxd5 29. cxd5 Nxd5 30. Bxg6+ fxg6 31. Qxd5 Be6 32. Qd3 Qf7 33. Bd2 d5 34.
Bc3 Nd6 35. Bxg7 Qxg7 36. h4 Ne4 37. Nxe4 dxe4 38. Qxe4 Bxb3 39. Qxe8 Bxd1 40.
Ne5 Bc2 41. f4 Bb1 42. a3 Ba2 43. Kh2 Bb3 44. Qd8 Be6 45. Qd6 Qf6 46. Qc7+ Qg7
47. Qd8 Bf5 48. g4 Be6 49. Kg3 h5 50. g5 Bf5 51. Qf6 Kg8 52. Qd8+ Kh7 53. Qf6
Kg8 54. Qd8+ Kh7 1/2-1/2

[Event "Elit(Stockholms SS-Vaxjo)"]
[Site "?"]
[Date "2023.10.14"]
[Round "2"]
[White "Cederstam, Carl"]
[Black "Rydstrom, Tom"]
[Result "0-1"]
[WhiteElo "2232"]
[BlackElo "2252"]
[PlyCount "106"]
[EventDate "2021.02.07"]
[SourceVersionDate "2023.10.24"]

1. c4 e5 2. g3 h5 3. Nc3 h4 4. Nf3 hxg3 5. fxg3 Nc6 6. Bg2 Nf6 7. d3 d6 8. Bg5
Be7 9. Qd2 Be6 10. e4 a6 11. O-O Ng4 12. Bxe7 Qxe7 13. h3 Nh6 14. b4 f6 15. b5
axb5 16. cxb5 Nd4 17. Nxd4 exd4 18. Ne2 Qd7 19. Nf4 Bf7 20. Qb4 O-O 21. a4 c5
22. bxc6 bxc6 23. Qxd4 c5 24. Qc3 Rxa4 25. Rxa4 Qxa4 26. Rb1 Ra8 27. Kh2 Qa3
28. Qd2 Ra4 29. Ne2 Rb4 30. Nc3 Be6 31. Qc2 Nf7 32. d4 cxd4 33. Rxb4 Qxb4 34.
Nd5 Bxd5 35. Qc8+ Kh7 36. exd5 g6 37. Qf8 Qb7 38. h4 f5 39. h5 d3 40. hxg6+
Kxg6 41. Qe8 Qb2 42. Qe6+ Qf6 43. Qe3 Ne5 44. Kg1 Qg5 45. Qe1 d2 46. Qe2 Qxg3
47. Kf1 Qf4+ 48. Kg1 Qd4+ 49. Kh2 d1=Q 50. Qf3 Nxf3+ 51. Bxf3 Q4g1+ 52. Kh3
Qxf3+ 53. Kh4 Qfg4# 0-1

[Event "Elit(Orgryte-Limhamn)"]
[Site "?"]
[Date "2023.10.14"]
[Round "2"]
[White "Eksmyr, Johan"]
[Black "Lindgren, Philip"]
[Result "0-1"]
[WhiteElo "2088"]
[BlackElo "2380"]
[PlyCount "36"]
[EventDate "2021.02.07"]
[SourceVersionDate "2023.10.28"]

1. d4 Nf6 2. Bg5 d5 3. e3 Nbd7 4. c4 e6 5. cxd5 exd5 6. Nc3 Be7 7. Bd3 Nf8 8.
Nge2 Ne6 9. Bh4 O-O 10. Qc2 g6 11. f3 c5 12. dxc5 Bxc5 13. Nxd5 Qxd5 14. Bxf6
Bxe3 15. Qc4 Qa5+ 16. Bc3 Qg5 17. g3 Nc5 18. Nd4 b5 0-1

[Event "Elit(Stockholms SS-Vaxjo)"]
[Site "?"]
[Date "2023.10.14"]
[Round "2"]
[White "Lindborg, Patrik"]
[Black "Renman, Nils-Gustaf"]
[Result "0-1"]
[WhiteElo "2179"]
[BlackElo "2324"]
[PlyCount "132"]
[EventDate "2021.02.07"]
[SourceVersionDate "2023.10.24"]

1. d4 d5 2. c4 c6 3. Nf3 Nf6 4. Nc3 e6 5. e3 Nbd7 6. Qc2 Bd6 7. Bd3 dxc4 8.
Bxc4 b5 9. Bd3 Bb7 10. O-O a6 11. a3 c5 12. Ne4 Nxe4 13. Bxe4 Bxe4 14. Qxe4 O-O
15. Rd1 Qc7 16. Bd2 e5 17. dxe5 Nxe5 18. Bc3 Nxf3+ 19. gxf3 Bxh2+ 20. Kg2 Rae8
21. Qf5 Be5 22. Rd7 Qb8 23. Rh1 h6 24. Rhd1 Bxc3 25. bxc3 Re5 26. Qd3 Rg5+ 27.
Kf1 Qh2 28. Ke2 Rg2 29. Rf1 Qh4 30. e4 Rg6 31. Qd5 Re6 32. Rg1 g6 33. Qxc5 Qf6
34. Qd4 Rc8 35. Qxf6 Rxf6 36. Rd3 Rfc6 37. Kd2 Rc4 38. Rb1 h5 39. Rb4 Kg7 40.
f4 R8c6 41. Kc2 Kf6 42. Re3 Ke6 43. Rb1 Ra4 44. Kb3 Rd6 45. Rh1 Rd2 46. f5+ Ke5
47. fxg6 fxg6 48. Rg3 Rd6 49. Rhg1 Kxe4 50. Rxg6 Rxg6 51. Rxg6 Kf5 52. Rg8 h4
53. Rh8 Kg4 54. Rf8 Rf4 55. Rg8+ Kf3 56. Rg6 Kxf2 57. Rxa6 h3 58. Rh6 Kg3 59.
Rg6+ Rg4 60. Rxg4+ Kxg4 61. Kb4 h2 62. Kxb5 h1=Q 63. c4 Qb7+ 64. Ka5 Kf5 65. c5
Ke5 66. a4 Qc6 0-1

[Event "Elit(Orgryte-Limhamn)"]
[Site "?"]
[Date "2023.10.14"]
[Round "2"]
[White "Helgason, Reynir"]
[Black "Anderzen, Robert"]
[Result "0-1"]
[WhiteElo "2288"]
[BlackElo "2112"]
[PlyCount "78"]
[EventDate "2021.02.07"]
[SourceVersionDate "2023.10.28"]

1. d4 Nf6 2. Nc3 d5 3. Bf4 c6 4. e3 Bf5 5. f3 h6 6. g4 Bh7 7. Bd3 e6 8. Bxh7
Rxh7 9. h4 Bb4 10. Nge2 Nbd7 11. Qd3 Qe7 12. a3 Ba5 13. O-O-O Rh8 14. Ng3 O-O-O
15. g5 Ne8 16. e4 hxg5 17. hxg5 Rxh1 18. Rxh1 dxe4 19. fxe4 Bc7 20. Bd2 Ne5 21.
Qf1 Rxd4 22. Be3 Rd8 23. Kb1 Kb8 24. Rh7 Ng6 25. Nh5 Be5 26. Ne2 Nd6 27. Qg1 b6
28. Nd4 Kb7 29. Nf3 Bxb2 30. Qf1 Nb5 31. Bc1 Bxc1 32. Qxc1 Rd1 33. Qxd1 Nc3+
34. Kc1 Qxa3+ 35. Kd2 Nxd1 36. Ne1 Nf2 37. Rxg7 Nxe4+ 38. Kd1 Qe3 39. Rxf7+ Ka6
0-1

[Event "Elit(Stockholms SS-Vaxjo)"]
[Site "?"]
[Date "2023.10.14"]
[Round "2"]
[White "Tuomainen, Felix"]
[Black "Sevastianov, Andrii"]
[Result "1/2-1/2"]
[WhiteElo "2182"]
[BlackElo "2181"]
[PlyCount "28"]
[EventDate "2021.02.07"]
[SourceVersionDate "2023.10.24"]

1. d4 Nf6 2. c4 e6 3. Nc3 d5 4. Nf3 c5 5. cxd5 cxd4 6. Nxd4 Nxd5 7. e4 Nxc3 8.
bxc3 e5 9. Nf5 Qxd1+ 10. Kxd1 Bxf5 11. exf5 Nc6 12. Bb5 O-O-O+ 13. Ke2 Bc5 14.
Bxc6 bxc6 1/2-1/2

[Event "Elit(Orgryte-Limhamn)"]
[Site "?"]
[Date "2023.10.14"]
[Round "2"]
[White "Green, Per"]
[Black "Penalver, Osmani"]
[Result "0-1"]
[WhiteElo "1912"]
[BlackElo "2294"]
[PlyCount "60"]
[EventDate "2021.02.07"]
[SourceVersionDate "2023.10.28"]

1. c4 Nf6 2. g3 e5 3. Bg2 d5 4. cxd5 Nxd5 5. Nf3 Nc6 6. O-O Be7 7. Nc3 Nb6 8.
b3 O-O 9. Bb2 f5 10. e4 f4 11. Ne2 Bg4 12. gxf4 Qd3 13. Nc1 Qxe4 14. Nxe5 Qxg2+
15. Kxg2 Bxd1 16. Nxc6 bxc6 17. Rxd1 Rxf4 18. f3 Raf8 19. Rf1 R4f5 20. Ne2 Nd5
21. Rac1 c5 22. Rc4 Bd6 23. Ra4 Nb4 24. Rxa7 Re8 25. Nc3 Nd3 26. Ba3 Rg5+ 27.
Kh3 Re6 28. Ra8+ Kf7 29. Ra4 Rh6+ 30. Rh4 Nf4# 0-1

[Event "Elit(Vasteras-Kungstornet)"]
[Site "?"]
[Date "2023.10.14"]
[Round "2"]
[White "Cicak, Slavko"]
[Black "Sjodahl, Pontus"]
[Result "1-0"]
[WhiteElo "2487"]
[BlackElo "2433"]
[PlyCount "57"]
[EventDate "2021.02.07"]
[SourceVersionDate "2023.10.23"]

1. e4 e6 2. Nf3 d5 3. e5 c5 4. c3 Nc6 5. Na3 Nh6 6. Nc2 f6 7. d4 fxe5 8. Bxh6
gxh6 9. Bb5 Bg7 10. Nxe5 O-O 11. Bxc6 bxc6 12. O-O Qb6 13. Qd2 cxd4 14. cxd4 c5
15. Rfe1 Rb8 16. b3 Rb7 17. dxc5 Qxc5 18. Nd4 Qd6 19. f4 Qb4 20. Qe3 Rc7 21.
Rac1 Rxc1 22. Rxc1 Qb6 23. Rc6 Qa5 24. a4 Re8 25. h3 Qb4 26. Rc7 Qb6 27. Qc3
Bb7 28. Rxg7+ Kxg7 29. Qg3+ 1-0

[Event "Elit(LASK-Wasa)"]
[Site "?"]
[Date "2023.10.14"]
[Round "2"]
[White "Cramling, Pia"]
[Black "Hansen, Sune Berg"]
[Result "1/2-1/2"]
[WhiteElo "2452"]
[BlackElo "2512"]
[PlyCount "26"]
[EventDate "2021.02.07"]
[SourceVersionDate "2023.10.27"]

1. d4 d5 2. c4 dxc4 3. Nf3 Nf6 4. e3 e6 5. Bxc4 a6 6. O-O Nbd7 7. a3 b5 8. Be2
c5 9. dxc5 Bxc5 10. b4 Be7 11. Bb2 Bb7 12. Nbd2 O-O 13. Rc1 Rc8 1/2-1/2

[Event "Elit(Eksjo-Rockaden,Sthlm)"]
[Site "?"]
[Date "2023.10.14"]
[Round "2"]
[White "Socko, Bartosz"]
[Black "Krantz, Christopher"]
[Result "1-0"]
[WhiteElo "2538"]
[BlackElo "2279"]
[PlyCount "71"]
[EventDate "2021.02.07"]
[SourceVersionDate "2023.10.28"]

1. e4 c6 2. d4 d5 3. exd5 cxd5 4. Bd3 Nc6 5. c3 Nf6 6. Bf4 Bg4 7. Qb3 Qd7 8.
Nd2 e6 9. h3 Bh5 10. Ngf3 Bxf3 11. Nxf3 Bd6 12. Bxd6 Qxd6 13. O-O O-O 14. Rae1
Qc7 15. Re3 Rab8 16. Qc2 h6 17. Qe2 a6 18. Ne5 Nxe5 19. dxe5 Nd7 20. Re1 Kh8
21. Qh5 Nc5 22. Bc2 Rbd8 23. Rf3 b5 24. Rf6 Ne4 25. Bxe4 dxe4 26. Rxh6+ gxh6
27. Qxh6+ Kg8 28. Qg5+ Kh8 29. Qf6+ Kh7 30. Rxe4 Qc4 31. Rxc4 bxc4 32. Qh4+ Kg7
33. Qxc4 Rd1+ 34. Kh2 Rfd8 35. Qxa6 R8d2 36. Qc4 1-0

[Event "Elit(Vasteras-Kungstornet)"]
[Site "?"]
[Date "2023.10.14"]
[Round "2"]
[White "Akesson, Ralf"]
[Black "Lyrberg, Patrik"]
[Result "1/2-1/2"]
[WhiteElo "2410"]
[BlackElo "2446"]
[PlyCount "36"]
[EventDate "2021.02.07"]
[SourceVersionDate "2023.10.23"]

1. d4 Nf6 2. c4 g6 3. g3 Bg7 4. Bg2 c5 5. d5 d6 6. Nc3 h5 7. Nf3 Bf5 8. Nh4 Bd7
9. e4 b5 10. cxb5 Qa5 11. e5 Ng4 12. exd6 Bxb5 13. Bd2 exd6 14. a4 Bc4 15. Qc2
Ne5 16. Nb5 Qb6 17. Bc3 Bxb5 18. axb5 O-O 1/2-1/2

[Event "Elit(LASK-Wasa)"]
[Site "?"]
[Date "2023.10.14"]
[Round "2"]
[White "Holm, Kristian Stuvik"]
[Black "Amin, Bassem"]
[Result "1/2-1/2"]
[WhiteElo "2488"]
[BlackElo "2682"]
[PlyCount "39"]
[EventDate "2021.02.07"]
[SourceVersionDate "2023.10.27"]

1. d4 Nf6 2. c4 g6 3. Nc3 Bg7 4. e4 d6 5. Nf3 O-O 6. Be2 e5 7. dxe5 dxe5 8.
Qxd8 Rxd8 9. Bg5 Re8 10. Nd5 Nxd5 11. cxd5 c6 12. Bc4 cxd5 13. Bxd5 Nd7 14. Nd2
Nc5 15. O-O-O Be6 16. Bxe6 Nxe6 17. Be3 Bf8 18. f3 Rac8+ 19. Kb1 Bc5 20. Nc4
1/2-1/2

[Event "Elit(Eksjo-Rockaden,Sthlm)"]
[Site "?"]
[Date "2023.10.14"]
[Round "2"]
[White "Danchevski, Orce"]
[Black "Blomqvist, Erik"]
[Result "0-1"]
[WhiteElo "2340"]
[BlackElo "2509"]
[PlyCount "96"]
[EventDate "2021.02.07"]
[SourceVersionDate "2023.10.28"]

1. d4 Nf6 2. c4 e6 3. Nf3 d5 4. g3 Bb4+ 5. Bd2 a5 6. Bg2 O-O 7. O-O dxc4 8. Qc2
Bxd2 9. Nbxd2 b5 10. b3 cxb3 11. axb3 Bb7 12. Rfc1 Bxf3 13. Nxf3 c6 14. e3 Qb6
15. Ne5 Rc8 16. g4 Nfd7 17. f4 Nxe5 18. fxe5 Na6 19. Be4 Nb4 20. Qg2 a4 21. Qh3
g6 22. Rf1 Ra7 23. bxa4 bxa4 24. g5 Qd8 25. Rf4 Nd5 26. Rg4 a3 27. Kh1 Qf8 28.
Rh4 Qg7 29. Bd3 a2 30. Bc4 Rb8 31. Rg4 Nc3 32. Rgg1 Qf8 33. Rgf1 Rb1 34. Qf3
Rxf1+ 35. Qxf1 Qb4 36. Qf6 Qb1+ 37. Kg2 Qe4+ 38. Qf3 Qxf3+ 39. Kxf3 Ra4 40. Bb3
Rb4 41. Bxa2 Ra4 42. Rc1 Nxa2 43. Rxc6 Ra3 44. Rc8+ Kg7 45. Rd8 Nb4 46. Kf2
Ra2+ 47. Kg3 Re2 48. Kf3 Rxh2 0-1

[Event "Elit(Vasteras-Kungstornet)"]
[Site "?"]
[Date "2023.10.14"]
[Round "2"]
[White "Henriksson, Johan"]
[Black "Bergstrom, Peter"]
[Result "1-0"]
[WhiteElo "2262"]
[BlackElo "2326"]
[PlyCount "113"]
[EventDate "2021.02.07"]
[SourceVersionDate "2023.10.23"]

1. d4 d5 2. Nf3 Nf6 3. c4 c6 4. Nc3 a6 5. cxd5 cxd5 6. Bf4 Nc6 7. e3 Bf5 8. Bd3
Bxd3 9. Qxd3 e6 10. O-O Bd6 11. Bxd6 Qxd6 12. Rfc1 O-O 13. Na4 Nd7 14. Nc5 Nxc5
15. Rxc5 Rfc8 16. Rac1 Ne7 17. b4 f6 18. g3 Rc6 19. Nd2 Rac8 20. Nb3 b6 21.
Rxc6 Rxc6 22. Rxc6 Nxc6 23. a3 Nb8 24. Kg2 Qc6 25. Nd2 g6 26. h4 Kg7 27. g4 b5
28. Nb3 Nd7 29. Nc5 Kf7 30. f3 Ke7 31. h5 f5 32. hxg6 hxg6 33. g5 Qc8 34. Qf1
Nxc5 35. dxc5 Qh8 36. Qc1 Kd7 37. Qd2 Kc6 38. Qd4 e5 39. Qa1 Qe8 40. a4 Kc7 41.
axb5 Qxb5 42. Qxe5+ Kc8 43. Qe6+ Kc7 44. Qd6+ Kc8 45. Kg3 Qe2 46. Qxg6 Qe1+ 47.
Kf4 Qxb4+ 48. Kxf5 Qxc5 49. Qxa6+ Kd8 50. Qf6+ Ke8 51. Qe5+ Kf8 52. g6 Qc2+ 53.
Kf6 Qc6+ 54. Kg5 d4 55. Qf5+ Ke8 56. Qf7+ Kd8 57. Qf6+ 1-0

[Event "Elit(LASK-Wasa)"]
[Site "?"]
[Date "2023.10.14"]
[Round "2"]
[White "Meshkovs, Nikita"]
[Black "Pantzar, Milton"]
[Result "1-0"]
[WhiteElo "2540"]
[BlackElo "2453"]
[PlyCount "87"]
[EventDate "2021.02.07"]
[SourceVersionDate "2023.10.27"]

1. Nf3 d5 2. g3 Nf6 3. Bg2 e6 4. O-O Be7 5. d4 O-O 6. c4 c6 7. Nc3 a5 8. b3 b6
9. Bb2 Ba6 10. Nd2 b5 11. c5 b4 12. Na4 Nbd7 13. Re1 Bb5 14. Qc2 Qc7 15. Rad1
Rad8 16. e3 g6 17. f4 Ne8 18. Nf3 f5 19. a3 Rb8 20. axb4 axb4 21. Ra1 Bd8 22.
Bc1 Nef6 23. Bd2 Ne4 24. Bxb4 Bxa4 25. Rxa4 Qb7 26. Rea1 g5 27. R1a3 g4 28. Nd2
Ndf6 29. Bc3 Rf7 30. Rb4 Qc8 31. Rxb8 Qxb8 32. Nxe4 Nxe4 33. Be1 Ra7 34. Qa2
Rxa3 35. Qxa3 h5 36. b4 Qb7 37. Bf1 Kf7 38. Qa4 h4 39. Ba6 Qc7 40. gxh4 Bf6 41.
b5 cxb5 42. Qxb5 Qd8 43. Qb7+ Kg6 44. h5+ 1-0

[Event "Elit(Eksjo-Rockaden,Sthlm)"]
[Site "?"]
[Date "2023.10.14"]
[Round "2"]
[White "Sorensen, Hampus"]
[Black "Gdanski, Jacek"]
[Result "1/2-1/2"]
[WhiteElo "2470"]
[BlackElo "2484"]
[PlyCount "159"]
[EventDate "2021.02.07"]
[SourceVersionDate "2023.10.28"]

1. d4 Nf6 2. c4 c5 3. d5 g6 4. Nc3 d6 5. e4 Bg7 6. h3 O-O 7. Bd3 e6 8. Nf3 exd5
9. cxd5 b6 10. O-O Ba6 11. Bf4 Re8 12. Re1 Bxd3 13. Qxd3 a6 14. a4 Ra7 15. Bh2
Bf8 16. Nd2 Nbd7 17. f4 Qb8 18. Kh1 Nh5 19. Nc4 b5 20. Na5 c4 21. Qe3 Ra8 22.
Nc6 Qb7 23. axb5 axb5 24. Rxa8 Rxa8 25. e5 b4 26. Ne4 c3 27. bxc3 b3 28. Rb1 b2
29. Qe1 Qb3 30. Nd4 Qxd5 31. Rxb2 Nc5 32. Nxc5 dxc5 33. Nb5 Ra4 34. Qf1 Qe4 35.
Nd6 Qa8 36. Rb1 Ra2 37. Re1 Ng7 38. Ne4 Be7 39. Qf3 Ra1 40. Nf6+ Bxf6 41. Qxa8+
Rxa8 42. exf6 Nh5 43. g4 Nxf6 44. Re5 c4 45. Bg1 h5 46. g5 Ne8 47. Rc5 Nd6 48.
Bd4 Ne4 49. Rc6 Kf8 50. Kg2 Ke7 51. Kf3 Kd7 52. Rb6 Nxc3 53. Rb4 Ra3 54. Rxc4
Nb5+ 55. Kg2 Ra2+ 56. Bf2 Nd6 57. Rb4 Ke6 58. Rb6 Kd5 59. Kf3 Ra3+ 60. Kg2 Rd3
61. Ra6 Ke4 62. Ra4+ Kf5 63. Bg3 Rd2+ 64. Kf3 Rd3+ 65. Kg2 Rc3 66. Ra5+ Ke6 67.
Re5+ Kd7 68. Bf2 Nf5 69. Rd5+ Ke6 70. Re5+ Kd6 71. Ra5 Rb3 72. Ra7 Ke6 73. Ra6+
Kd5 74. Ra5+ Kc6 75. Ra6+ Kd5 76. Ra5+ Ke4 77. Ra4+ Kd3 78. Ra7 Ke4 79. Ra4+
Kd5 80. Ra5+ 1/2-1/2